[Event "May TNT"]
[Site "Winnipeg CAN"]
[Date "2014.05.13"]
[Round "2"]
[White "Evans, Jason"]
[Black "Flynn, Darren"]
[Result "0-1"]
[WhiteElo "1525"]
[BlackElo "1280"]
[PlyCount "38"]
[EventDate "2014.05.06"]
[EventType "swiss"]
[EventRounds "4"]
[EventCountry "CAN"]

1. d4 d5 2. Nf3 Nc6 3. e3 f6 4. Bd3 e5 5. dxe5 fxe5 6. e4 dxe4 7. Bg5 Be7 8.
Bxe7 Ngxe7 9. Bxe4 Qxd1+ 10. Kxd1 Bf5 11. Bxf5 Nxf5 12. Rg1 O-O-O+ 13. Nbd2
Rhe8 14. c3 e4 15. Nd4 Ncxd4 16. cxd4 Rxd4 17. Rc1 e3 18. Rc3 Rxd2+ 19. Kc1
Rxf2 0-1

[Event "May TNT"]
[Site "Winnipeg CAN"]
[Date "2014.05.13"]
[Round "2"]
[White "Le Dorze, Phil"]
[Black "Rutter, Blair"]
[Result "0-1"]
[WhiteElo "1814"]
[BlackElo "1929"]
[PlyCount "76"]
[EventDate "2014.05.06"]
[EventType "swiss"]
[EventRounds "4"]
[EventCountry "CAN"]

1. c4 c6 2. d4 e6 3. Nf3 d5 4. Nc3 dxc4 5. e4 b5 6. Bf4 Nf6 7. g3 Qa5 8. Nd2
Nbd7 9. Bg2 Bb7 10. O-O Bb4 11. d5 e5 12. dxc6 Bxc6 13. Be3 Bxc3 14. bxc3 Qxc3
15. Qe2 O-O 16. Rfc1 Qa5 17. a4 bxa4 18. Nxc4 Qa6 19. Qc2 Rac8 20. Bf1 Bb5 21.
Qa2 Nxe4 22. Nd2 Rxc1 23. Rxc1 Nxd2 24. Qxd2 Nf6 25. Bg2 e4 26. Rc7 Bd3 27.
Rxa7 Qb5 28. Qa2 Bc4 29. Qa1 Bb3 30. Bd4 Rd8 31. Qc3 h6 32. Bf1 Qf5 33. Ra5 Qf3
34. Bxf6 gxf6 35. Rc5 Rd1 36. Qe3 Kg7 37. h4 Qxe3 38. fxe3 Rb1 0-1

[Event "May TNT"]
[Site "Winnipeg CAN"]
[Date "2014.05.13"]
[Round "2"]
[White "Reimer, Bruce"]
[Black "Trueman, Francis"]
[Result "0-1"]
[WhiteElo "1655"]
[BlackElo "1501"]
[PlyCount "46"]
[EventDate "2014.05.06"]
[EventType "swiss"]
[EventRounds "4"]
[EventCountry "CAN"]

1. c4 c5 2. g3 Nc6 3. Bg2 e6 4. Nc3 Nf6 5. e4 d5 6. exd5 exd5 7. cxd5 Nd4 8. f3
Nxd5 9. Nge2 Nb4 10. Nxd4 cxd4 11. Qa4+ Bd7 12. Nb5 Nd3+ 13. Ke2 a6 14. Kxd3
Bxb5+ 15. Qxb5+ axb5 16. Re1+ Be7 17. b3 b4 18. f4 Qb6 19. Bb2 Qb5+ 20. Kc2 d3+
21. Kd1 Qh5+ 22. Kc1 Qc5+ 23. Kd1 Qc2# 0-1

[Event "May TNT"]
[Site "Winnipeg CAN"]
[Date "2014.05.13"]
[Round "2"]
[White "Roy, Rayan"]
[Black "Campbell, Jamie"]
[Result "0-1"]
[WhiteElo "1479"]
[BlackElo "1810"]
[PlyCount "130"]
[EventDate "2014.05.06"]
[EventType "swiss"]
[EventRounds "4"]
[EventCountry "CAN"]

1. e4 e5 2. Nf3 d5 3. exd5 e4 4. Nd4 Qxd5 5. c3 Bc5 6. Nb3 Nf6 7. Nxc5 Qxc5 8.
d4 exd3 9. Bxd3 O-O 10. O-O Nc6 11. b3 Rd8 12. Qc2 Bg4 13. Be3 Qd6 14. Be2 Bxe2
15. Qxe2 Qd3 16. Qxd3 Rxd3 17. c4 Nb4 18. Na3 b6 19. h3 c5 20. Rfc1 Ne4 21. Nc2
Nc6 22. Ne1 Rd7 23. f3 Ng3 24. Kf2 Nf5 25. Bf4 h6 26. g4 Nfd4 27. Rd1 Re8 28.
Be3 Rde7 29. Rd3 f5 30. g5 hxg5 31. Bxg5 Re2+ 32. Kf1 Rh2 33. Kg1 Ree2 34. h4
Ne5 35. Rc3 Rh3 36. a4 Nexf3+ 37. Nxf3 Nxf3+ 38. Kf1 Reh2 39. Rac1 Nxg5 40.
hxg5 Rh1+ 41. Kg2 Rxc1 42. Rxc1 Rxb3 43. Rf1 g6 44. Rf2 Rb4 45. Rd2 Rxa4 46.
Rd6 Rxc4 47. Rxg6+ Kh7 48. Rh6+ Kg7 49. Rd6 Rg4+ 50. Kf3 Rxg5 51. Rd7+ Kh6 52.
Rxa7 Rg7 53. Ra4 b5 54. Ra5 Rb7 55. Kf4 c4 56. Kxf5 b4 57. Kg4 b3 58. Rh5+ Kg6
59. Rg5+ Kf6 60. Rf5+ Ke6 61. Rc5 b2 62. Rxc4 b1=Q 63. Rc6+ Kd5 64. Rf6 Qg1+
65. Kf5 Rg7 0-1

[Event "May TNT"]
[Site "Winnipeg CAN"]
[Date "2014.05.20"]
[Round "3.4"]
[White "Boron, Anthony"]
[Black "Andraschko, Felix"]
[Result "0-1"]
[WhiteElo "2010"]
[BlackElo "2102"]
[PlyCount "100"]
[EventDate "2014.05.06"]
[EventType "swiss"]
[EventRounds "4"]
[EventCountry "CAN"]

1. Nf3 c5 2. c4 Nc6 3. g3 g6 4. Nc3 Bg7 5. Bg2 e5 6. O-O d6 7. d3 Nge7 8. e4
O-O 9. a3 h6 10. Rb1 a5 11. Ne1 f5 12. f4 fxe4 13. Bxe4 exf4 14. Rxf4 Rxf4 15.
Bxf4 g5 16. Be3 Be6 17. Nf3 Nf5 18. Bf2 Rb8 19. Qe2 Nfd4 20. Nxd4 Nxd4 21. Qh5
Bf7 22. Bd5 Bxd5 23. Nxd5 Qe8 24. Qd1 b5 25. Bxd4 Bxd4+ 26. Kg2 bxc4 27. Qc2
cxd3 28. Qxd3 Rxb2+ 29. Rxb2 Bxb2 30. Qc4 Kh8 31. h4 Bd4 32. hxg5 Qe4+ 33. Kh3
h5 34. Qf1 Qxd5 35. Qf8+ Kh7 36. Qh6+ Kg8 37. Qg6+ Kf8 38. Kh2 Bg7 39. Qxh5 c4
40. Qg4 Qc5 41. g6 Qf2+ 42. Kh3 Qf1+ 43. Kh2 Ke7 44. Qe4+ Kf6 45. Qe8 Qf2+ 46.
Kh1 Qf3+ 47. Kh2 Qh5+ 48. Kg2 Qd5+ 49. Kh2 c3 50. g4 Qe5+ 0-1

[Event "May TNT"]
[Site "Winnipeg CAN"]
[Date "2014.05.20"]
[Round "3.4"]
[White "Clark, Jeff"]
[Black "Atem, James"]
[Result "1-0"]
[WhiteElo "1988"]
[BlackElo "1837"]
[PlyCount "93"]
[EventDate "2014.05.06"]
[EventType "swiss"]
[EventRounds "4"]
[EventCountry "CAN"]

1. d4 e6 2. c4 c6 3. Nf3 Nf6 4. Nc3 Bb4 5. Qc2 O-O 6. Bg5 h6 7. Bh4 d5 8. e3
Nbd7 9. Bd3 Qa5 10. O-O dxc4 11. Bxc4 Bxc3 12. bxc3 Nd5 13. Bxd5 exd5 14. c4 f5
15. Bg3 Nf6 16. c5 Ne4 17. Ne5 Be6 18. f3 Nxg3 19. hxg3 Qd8 20. f4 Qf6 21. Rab1
Rfb8 22. Rb2 h5 23. Rfb1 Bc8 24. Qe2 g6 25. a4 b6 26. cxb6 Rxb6 27. Rxb6 axb6
28. Rxb6 Be6 29. Qc2 h4 30. Qxc6 Ra7 31. Qxe6+ Qxe6 32. Rxe6 hxg3 33. Rxg6+ Kh7
34. Rxg3 Rxa4 35. Kf2 Ra6 36. Rg5 Rf6 37. Kf3 Kh6 38. g4 Ra6 39. Rxf5 Ra1 40.
g5+ Kg7 41. Rf7+ Kg8 42. Rd7 Ra5 43. f5 Rb5 44. f6 Rb8 45. Rg7+ Kf8 46. Ng6+
Ke8 47. f7+ 1-0

[Event "May TNT"]
[Site "Winnipeg CAN"]
[Date "2014.05.20"]
[Round "3.4"]
[White "Evans, Jason"]
[Black "Reimer, Bruce"]
[Result "0-1"]
[WhiteElo "1525"]
[BlackElo "1655"]
[PlyCount "96"]
[EventDate "2014.05.06"]
[EventType "swiss"]
[EventRounds "4"]
[EventCountry "CAN"]

1. d4 g6 2. Nf3 Bg7 3. e3 d6 4. Bd3 a6 5. c4 Nd7 6. O-O b6 7. Nbd2 Bb7 8. b3 e5
9. d5 e4 10. Rb1 exd3 11. Re1 Ne7 12. e4 O-O 13. Nf1 Re8 14. Qxd3 Ne5 15. Nxe5
Bxe5 16. Bg5 Bg7 17. Qd2 c6 18. Re3 h6 19. Bh4 g5 20. Bg3 cxd5 21. cxd5 Ng6 22.
Rc1 Rc8 23. Rxc8 Bxc8 24. Qb4 Ne5 25. f4 a5 26. Qa3 Ng6 27. f5 Ne5 28. Nd2 Ng4
29. Re1 Bc3 30. Qc1 Be5 31. Bxe5 Nxe5 32. Qc3 Ba6 33. Nf3 Qc8 34. Qxc8 Bxc8 35.
Rc1 Nxf3+ 36. gxf3 Ba6 37. Rc6 Rc8 38. Kf2 Rxc6 39. dxc6 Kf8 40. Ke3 Ke8 41. f4
gxf4+ 42. Kxf4 f6 43. Kg4 Bd3 44. Kh5 Bxe4 45. Kxh6 Bxc6 46. Kg7 Ke7 47. h4 Bf3
48. Kg6 d5 0-1

[Event "May TNT"]
[Site "Winnipeg CAN"]
[Date "2014.05.20"]
[Round "3.4"]
[White "Kernetsky, Myron"]
[Black "Trueman, Francis"]
[Result "1-0"]
[WhiteElo "2030"]
[BlackElo "1501"]
[PlyCount "59"]
[EventDate "2014.05.06"]
[EventType "swiss"]
[EventRounds "4"]
[EventCountry "CAN"]

1. d4 Nf6 2. Nf3 e6 3. Bf4 c5 4. c3 Nc6 5. e3 d5 6. Nbd2 Bd6 7. Bg3 Ne7 8. Bd3
Ng6 9. O-O Bxg3 10. hxg3 Qc7 11. e4 h5 12. e5 Ng4 13. Bxg6 fxg6 14. Qa4+ Bd7
15. Qc2 O-O-O 16. Qxg6 Be8 17. Qxe6+ Kb8 18. Qf5 Qe7 19. Qg5 Qc7 20. dxc5 Bb5
21. Rfe1 Qxc5 22. Nd4 Rdf8 23. N2f3 Bd3 24. Qd2 Bf5 25. Re2 Qe7 26. Nxf5 Rxf5
27. Qxd5 Rd8 28. Qe4 g6 29. Rae1 h4 30. Qxg4 1-0

[Event "May TNT"]
[Site "Winnipeg CAN"]
[Date "2014.05.20"]
[Round "3.4"]
[White "Leaden, Bruce"]
[Black "Le Dorze, Phil"]
[Result "0-1"]
[WhiteElo "1592"]
[BlackElo "1814"]
[PlyCount "74"]
[EventDate "2014.05.06"]
[EventType "swiss"]
[EventRounds "4"]
[EventCountry "CAN"]

1. d4 b6 2. c4 Bb7 3. Nc3 Nf6 4. Nf3 e6 5. e3 d5 6. a3 Nbd7 7. cxd5 Nxd5 8. Be2
Be7 9. O-O O-O 10. Ne1 c5 11. Nxd5 Bxd5 12. Bf3 Nf6 13. Bxd5 Qxd5 14. Nf3 Rfd8
15. b3 cxd4 16. exd4 Ne4 17. Bb2 Rac8 18. Qd3 Nc5 19. Qc4 Nxb3 20. Qxd5 Rxd5
21. Rad1 Rc2 22. Rb1 Bf6 23. Bc1 Nxd4 24. Nxd4 Bxd4 25. Bf4 g5 26. Rbc1 Rxc1
27. Bxc1 Rf5 28. Be3 Bxe3 29. fxe3 Ra5 30. Ra1 b5 31. Kf2 b4 32. a4 Rc5 33. Rb1
a5 34. Rb2 f5 35. h3 Rc3 36. Ke2 Ra3 37. Kd2 Rxa4 0-1

[Event "May TNT"]
[Site "Winnipeg CAN"]
[Date "2014.05.20"]
[Round "3.4"]
[White "Rutter, Blair"]
[Black "Baron, Gustav"]
[Result "1-0"]
[WhiteElo "1929"]
[BlackElo "1910"]
[PlyCount "126"]
[EventDate "2014.05.06"]
[EventType "swiss"]
[EventRounds "4"]
[EventCountry "CAN"]

1. c4 f5 2. Nc3 Nf6 3. g3 g6 4. Bg2 Bg7 5. e3 e5 6. d3 O-O 7. Rb1 a5 8. Bd2 c6
9. Nge2 Na6 10. a3 Nc5 11. Qc2 d6 12. b4 axb4 13. axb4 Ne6 14. b5 Qc7 15. f4
Bd7 16. O-O exf4 17. Nxf4 Nxf4 18. Rxf4 Rae8 19. bxc6 bxc6 20. Nd1 Ng4 21. h3
Nf6 22. Kh2 Nh5 23. Rf3 Be6 24. d4 f4 25. gxf4 Bf5 26. Qc1 Bxb1 27. Qxb1 Nf6
28. Rf2 d5 29. Bb4 Rf7 30. Rc2 Qd7 31. Qb3 Ne4 32. Bxe4 Rxe4 33. Nf2 Re8 34.
Ng4 Qf5 35. Ra2 h5 36. Ne5 Bxe5 37. dxe5 Qe4 38. cxd5 cxd5 39. Rd2 Rc8 40. Rxd5
h4 41. Rd2 Kg7 42. e6 Rb7 43. Rd7+ Kh6 44. Bf8+ Rxf8 45. Qxb7 Qc2+ 46. Qg2
Qxg2+ 47. Kxg2 Re8 48. Rd6 Kg7 49. e4 Kf6 50. Kf3 g5 51. f5 Rc8 52. Rd3 Rc1 53.
Re3 Rg1 54. e5+ Ke7 55. Kf2 Rc1 56. Kf3 Rg1 57. Ke4 g4 58. hxg4 Rxg4+ 59. Kd5
Rg3 60. f6+ Ke8 61. Re4 Rd3+ 62. Kc4 Ra3 63. Kb4 Rh3 1-0

[Event "May TNT"]
[Site "Winnipeg CAN"]
[Date "2014.05.20"]
[Round "3.4"]
[White "Wolchock, Theo"]
[Black "Flynn, Darren"]
[Result "1-0"]
[WhiteElo "1969"]
[BlackElo "1280"]
[PlyCount "59"]
[EventDate "2014.05.06"]
[EventType "swiss"]
[EventRounds "4"]
[EventCountry "CAN"]

1. c4 Nf6 2. g3 d5 3. d4 e6 4. Nf3 Bd6 5. c5 Be7 6. Bg2 O-O 7. O-O Nc6 8. Bd2
b6 9. b4 Ba6 10. Qa4 Bxe2 11. Qxc6 Bxf1 12. Bxf1 Qd7 13. Ne5 Qxc6 14. Nxc6 Rfe8
15. Bf4 a5 16. Bxc7 bxc5 17. bxc5 Rac8 18. Nxe7+ Rxe7 19. Bxa5 Ra8 20. Bb6 Nd7
21. Nc3 Nxb6 22. cxb6 Rb7 23. Rb1 f6 24. a4 e5 25. Rb4 Ra5 26. Nxd5 Kf7 27. Bg2
Ra6 28. dxe5 fxe5 29. Bh3 g5 30. Bc8 1-0

[Event "May TNT"]
[Site "Winnipeg CAN"]
[Date "2014.05.27"]
[Round "4.4"]
[White "Andraschko, Felix"]
[Black "Clark, Jeff"]
[Result "1-0"]
[WhiteElo "2102"]
[BlackElo "1988"]
[PlyCount "91"]
[EventDate "2014.05.06"]
[EventType "swiss"]
[EventRounds "4"]
[EventCountry "CAN"]

1. d4 Nf6 2. c4 g6 3. Nc3 Bg7 4. e4 d6 5. Nf3 O-O 6. h3 Nbd7 7. e5 dxe5 8. dxe5
Ne8 9. e6 fxe6 10. Ng5 Bxc3+ 11. bxc3 Ng7 12. Ba3 c5 13. Be2 Qc7 14. Qd2 Qf4
15. Qxf4 Rxf4 16. Rd1 b6 17. O-O h6 18. Nf3 Rf8 19. Bc1 Kh7 20. Rfe1 Nb8 21.
Bd3 Nc6 22. Be4 Bb7 23. Rd7 Rab8 24. Rxb7 Rxb7 25. Bxc6 Rc7 26. Be4 Nf5 27. Bc2
Nd6 28. Rxe6 Rf6 29. Re2 Nxc4 30. Ne5 Nxe5 31. Rxe5 Kg7 32. Kf1 Rd7 33. Ke1
Rfd6 34. Bf4 Kf6 35. Re2 Re6 36. Rxe6+ Kxe6 37. Bxg6 b5 38. Bxh6 b4 39. cxb4
cxb4 40. g4 Kf6 41. Bc2 Rc7 42. Kd1 Rd7+ 43. Kc1 Rd6 44. g5+ Kf7 45. g6+ Kg8
46. Be3 1-0

[Event "May TNT"]
[Site "Winnipeg CAN"]
[Date "2014.05.27"]
[Round "4.4"]
[White "Atem, James"]
[Black "Wolchock, Theo"]
[Result "1-0"]
[WhiteElo "1837"]
[BlackElo "1969"]
[PlyCount "73"]
[EventDate "2014.05.06"]
[EventType "swiss"]
[EventRounds "4"]
[EventCountry "CAN"]

1. e4 e5 2. a3 Nc6 3. Nf3 Nf6 4. d3 d5 5. exd5 Nxd5 6. Be2 Be7 7. c4 Nf6 8. Nc3
O-O 9. O-O Bf5 10. Nh4 Be6 11. Nf3 h6 12. Be3 Bg4 13. h3 Bxf3 14. Bxf3 Qd7 15.
b4 Nd8 16. Qb3 c6 17. Rfd1 Ne6 18. b5 Nd4 19. Bxd4 exd4 20. bxc6 bxc6 21. Ne4
Rab8 22. Qa4 Rfc8 23. Nxf6+ gxf6 24. Rab1 Rb7 25. Bg4 f5 26. Bxf5 Qxf5 27. Rxb7
Bh4 28. Qc2 Kh7 29. Qe2 Kh8 30. Qf3 Qxf3 31. gxf3 a5 32. Rdb1 Kg7 33. Rb8 Rc7
34. R1b7 Rxb7 35. Rxb7 Bd8 36. c5 Kf6 37. Rb6 1-0

[Event "May TNT"]
[Site "Winnipeg CAN"]
[Date "2014.05.27"]
[Round "4.4"]
[White "Campbell, Jamie"]
[Black "Kernetsky, Myron"]
[Result "0-1"]
[WhiteElo "1810"]
[BlackElo "2030"]
[PlyCount "136"]
[EventDate "2014.05.06"]
[EventType "swiss"]
[EventRounds "4"]
[EventCountry "CAN"]

1. e4 e6 2. d3 d5 3. Nd2 Nf6 4. Qe2 Be7 5. g3 b6 6. Bg2 Bb7 7. e5 Nfd7 8. f4
Nc6 9. Ngf3 Nb4 10. Nb3 c5 11. c3 Nc6 12. d4 Qc8 13. Be3 a5 14. a4 O-O 15. Qf2
cxd4 16. Nbxd4 Nc5 17. O-O Ne4 18. Qc2 Bc5 19. Rac1 Qd7 20. Rfe1 Rfc8 21. Nb5
Qe7 22. Bxc5 Qxc5+ 23. Nfd4 Nxd4 24. Nxd4 Rc7 25. Kh1 Rac8 26. Nb3 Qc4 27. Nd2
Nxd2 28. Qxd2 Qxa4 29. f5 exf5 30. Qf2 Qc6 31. Qxf5 Qe6 32. g4 Bc6 33. h3 h6
34. Rcd1 Rd7 35. Qf2 Bb7 36. Rd4 Rc4 37. Rf4 Rxf4 38. Qxf4 Rc7 39. Rd1 Re7 40.
Qf2 Rc7 41. Qf4 Re7 42. Qf2 Qxe5 43. Qxb6 Qe2 44. Qd4 Qxb2 45. Bxd5 Bxd5+ 46.
Qxd5 Qe2 47. Qd8+ Re8 48. Qd3 Qf2 49. Rf1 Qe3 50. Rd1 Qxd3 51. Rxd3 Ra8 52. c4
a4 53. Ra3 Kf8 54. Kg2 Ke7 55. Kf3 Kd6 56. Ke3 Kc5 57. Kd3 Kb4 58. Ra1 Rd8+ 59.
Ke3 Rd7 60. c5 a3 61. Ke4 Kb3 62. Ke5 Kb2 63. Rf1 a2 64. c6 Ra7 65. Kd6 Ra8 66.
c7 a1=Q 67. Rxa1 Kxa1 68. Kd7 g6 0-1

[Event "May TNT"]
[Site "Winnipeg CAN"]
[Date "2014.05.27"]
[Round "4.4"]
[White "Flynn, Darren"]
[Black "Le Dorze, Phil"]
[Result "0-1"]
[WhiteElo "1280"]
[BlackElo "1814"]
[PlyCount "64"]
[EventDate "2014.05.06"]
[EventType "swiss"]
[EventRounds "4"]
[EventCountry "CAN"]

1. e4 b6 2. d4 Bb7 3. Nc3 e6 4. f3 Nf6 5. e5 Nd5 6. Nxd5 Bxd5 7. b3 Bb4+ 8. Bd2
Qh4+ 9. g3 Qxd4 10. Bxb4 Qxb4+ 11. Qd2 Qc5 12. c4 Bb7 13. f4 Bxh1 14. Ne2 Nc6
15. O-O-O Qa3+ 16. Kb1 O-O 17. Nc3 Nb4 18. Bg2 Bxg2 19. Qxg2 d5 20. exd6 cxd6
21. Rxd6 Nxa2 22. Rd1 Nxc3+ 23. Kc2 Qa2+ 24. Kd3 Qxg2 25. Kxc3 Qf3+ 26. Kc2
Rfd8 27. Rc1 Qe4+ 28. Kb2 Rd2+ 29. Ka3 Qd4 30. Kb4 a5+ 31. Ka4 Qc5 32. Ra1 Qb4#
0-1

[Event "May TNT"]
[Site "Winnipeg CAN"]
[Date "2014.05.27"]
[Round "4.4"]
[White "Reimer, Bruce"]
[Black "Babb, Jeff"]
[Result "1/2-1/2"]
[WhiteElo "1655"]
[BlackElo "2160"]
[PlyCount "75"]
[EventDate "2014.05.06"]
[EventType "swiss"]
[EventRounds "4"]
[EventCountry "CAN"]

1. c4 f5 2. d4 Nf6 3. Nc3 g6 4. g3 Bg7 5. Bg2 d6 6. Bf4 Nc6 7. Qd2 h6 8. h4 Nh5
9. Nf3 e5 10. dxe5 dxe5 11. Qxd8+ Kxd8 12. O-O-O+ Bd7 13. Bd2 e4 14. Ne1 Ne5
15. f3 Nxc4 16. fxe4 Nxg3 17. Rh3 Bxc3 18. Bxc3 Nxe2+ 19. Kc2 Rh7 20. Bf6+ Ke8
21. Bf1 f4 22. Bxe2 Bxh3 23. Bxc4 Bg4 24. Rd3 Be2 25. Rc3 Bxc4 26. Rxc4 c6 27.
e5 Kd7 28. Rxf4 Ke6 29. Nf3 c5 30. Nd2 Rc8 31. Nc4 Rc6 32. Kd3 Rd7+ 33. Nd6 b5
34. Ke4 a6 35. Bh8 Rh7 36. Bf6 Rd7 37. Bh8 Rh7 38. Bf6 1/2-1/2

[Event "May TNT"]
[Site "Winnipeg CAN"]
[Date "2014.05.27"]
[Round "4.4"]
[White "Wasserman, Leor"]
[Black "Rutter, Blair"]
[Result "1-0"]
[WhiteElo "2079"]
[BlackElo "1929"]
[PlyCount "93"]
[EventDate "2014.05.06"]
[EventType "swiss"]
[EventRounds "4"]
[EventCountry "CAN"]

1. e4 e5 2. Nf3 d6 3. Bc4 Be7 4. O-O Nf6 5. Nc3 O-O 6. d4 Nbd7 7. Bg5 exd4 8.
Qxd4 Ng4 9. Bxe7 Qxe7 10. Nd5 Qd8 11. Rad1 Nde5 12. Nxe5 Nxe5 13. Be2 Be6 14.
Nf4 Qg5 15. Nh5 Qg6 16. f4 Nc6 17. Qc3 Bg4 18. Bxg4 Qxg4 19. Rd5 f5 20. Ng3 Ne7
21. Rb5 c5 22. Rxb7 Rae8 23. e5 dxe5 24. Qxe5 Rf7 25. Rxa7 h5 26. Nh1 Qg6 27.
Nf2 Qb6 28. Rc7 Kf8 29. Qxc5 Qxb2 30. Nd3 Qxa2 31. Ne5 Qe6 32. Nxf7 Kxf7 33.
Qc3 Qe4 34. g3 Qe6 35. Re1 Qb6+ 36. Kg2 Qd6 37. Qe5 Qf6 38. Rxe7+ Rxe7 39.
Qxe7+ Qxe7 40. Rxe7+ Kxe7 41. Kf2 Kd6 42. Ke3 Kc5 43. Kd3 Kd5 44. c4+ Kc5 45.
Kc3 g6 46. h4 Kd6 47. Kd4 1-0

[Event "McGill op"]
[Site "Montreal CAN"]
[Date "2014.05.02"]
[Round "1"]
[White "Beaulieu, Eric"]
[Black "Cloutier, Mario"]
[Result "1-0"]
[WhiteElo "2201"]
[BlackElo "2011"]
[PlyCount "75"]
[EventDate "2014.05.02"]
[EventType "swiss"]
[EventRounds "5"]
[EventCountry "CAN"]

1. d4 Nf6 2. c4 g6 3. g3 Bg7 4. Bg2 d5 5. cxd5 Nxd5 6. Nf3 O-O 7. O-O Nc6 8.
Nc3 Nb6 9. e3 Be6 10. Nd2 a5 11. Qe2 a4 12. Rb1 Na5 13. Rd1 c6 14. Nde4 Nac4
15. Nc5 Bc8 16. N5xa4 Nxa4 17. Qxc4 Be6 18. Qd3 Nxc3 19. bxc3 Qc8 20. a3 Ba2
21. Rb4 b5 22. Qe4 Bd5 23. Qxe7 Re8 24. Qh4 Bf8 25. Bxd5 Bxb4 26. Bxf7+ Kxf7
27. Qxh7+ Kf6 28. Qh4+ Kg7 29. cxb4 Qe6 30. d5 Qf6 31. Qxf6+ Kxf6 32. Bb2+ Ke7
33. dxc6 Red8 34. Bd4 Rdc8 35. Rc1 Kd6 36. Rc5 Rxc6 37. Rxb5 Rxa3 38. Rg5 1-0

[Event "McGill op"]
[Site "Montreal CAN"]
[Date "2014.05.02"]
[Round "1"]
[White "Bolduc, Steve"]
[Black "Turcotte, Jonathan"]
[Result "0-1"]
[WhiteElo "2254"]
[BlackElo "2003"]
[PlyCount "92"]
[EventDate "2014.05.02"]
[EventType "swiss"]
[EventRounds "5"]
[EventCountry "CAN"]

1. d4 d5 2. c4 c6 3. Nf3 Nf6 4. Nc3 e6 5. Bg5 h6 6. Bxf6 Qxf6 7. Qc2 Nd7 8. e4
dxe4 9. Qxe4 Bb4 10. Rc1 Qe7 11. Bd3 Nf6 12. Qe2 O-O 13. O-O b6 14. a3 Bxc3 15.
Rxc3 c5 16. Bc2 cxd4 17. Nxd4 Bb7 18. Rg3 Qc5 19. Rd1 Rac8 20. b4 Qxc4 21. Qe5
Qc7 22. Qe3 Rfd8 23. Rd3 Rxd4 24. Qxd4 Qxc2 25. h3 Ne8 26. Rg4 e5 27. Qd7 Qc1+
28. Kh2 Qc7 29. Qf5 e4+ 30. Rdg3 Qd6 31. Rh4 Qf6 32. Qh5 Rc1 33. Qxh6 Qxh6 34.
Rxh6 Rf1 35. Rh5 Rxf2 36. Re3 f6 37. Kg1 Rd2 38. Rf5 Nd6 39. Rf2 Rxf2 40. Kxf2
Kf7 41. a4 Bd5 42. h4 Ke6 43. Rc3 Bc4 44. h5 Kd5 45. Rg3 Nf5 46. Rxg7 e3+ 0-1

[Event "McGill op"]
[Site "Montreal CAN"]
[Date "2014.05.02"]
[Round "1"]
[White "Dumouchel, Alain"]
[Black "Yu, Zong Yang"]
[Result "0-1"]
[WhiteElo "1935"]
[BlackElo "2234"]
[PlyCount "36"]
[EventDate "2014.05.02"]
[EventType "swiss"]
[EventRounds "5"]
[EventCountry "CAN"]

1. e4 c5 2. Nf3 d6 3. d4 cxd4 4. Nxd4 Nf6 5. Nc3 Nc6 6. Be3 Ng4 7. Bc1 Qb6 8.
Bb5 Bd7 9. O-O Nxf2 10. Rxf2 Qxd4 11. Qe2 e6 12. Be3 Qb4 13. Raf1 Qxb2 14. Na4
Qb4 15. Rxf7 Qxe4 16. R1f4 Qe5 17. Qf2 Be7 18. c3 Qxb5 0-1

[Event "McGill op"]
[Site "Montreal CAN"]
[Date "2014.05.02"]
[Round "1"]
[White "Gauthier, Denis"]
[Black "Zhou, Qiyu"]
[Result "0-1"]
[WhiteElo "1999"]
[BlackElo "2103"]
[PlyCount "44"]
[EventDate "2014.05.02"]
[EventType "swiss"]
[EventRounds "5"]
[EventCountry "CAN"]

1. d4 Nf6 2. c4 g6 3. Nc3 Bg7 4. Nf3 O-O 5. Bf4 d6 6. h3 Nbd7 7. e3 b6 8. Be2
Bb7 9. O-O Re8 10. Qc2 e5 11. Bh2 a6 12. Rad1 e4 13. Nd2 Qe7 14. b4 Rac8 15.
Rb1 Nf8 16. a4 N6d7 17. c5 Nb8 18. Qb3 Kh8 19. Nd5 Qg5 20. Nf4 Ne6 21. Bc4 d5
22. Bxd5 Nxf4 0-1

[Event "McGill op"]
[Site "Montreal CAN"]
[Date "2014.05.02"]
[Round "1"]
[White "Harris, Ian"]
[Black "Twesigye, Derick"]
[Result "1-0"]
[WhiteElo "2275"]
[BlackElo "2103"]
[PlyCount "153"]
[EventDate "2014.05.02"]
[EventType "swiss"]
[EventRounds "5"]
[EventCountry "CAN"]

1. d4 Nf6 2. Bf4 g6 3. e3 Bg7 4. Nf3 O-O 5. h3 c5 6. c3 Qb6 7. Qb3 Qxb3 8. axb3
cxd4 9. exd4 Nc6 10. b4 d6 11. b5 Nd8 12. Be2 Ne6 13. Bh2 Bd7 14. O-O Bh6 15.
Re1 Nf4 16. Bf1 Ne6 17. Nbd2 Rfe8 18. Ra3 Nc7 19. Rea1 Nxb5 20. Bxb5 Bxb5 21.
c4 Bc6 22. Rxa7 Rxa7 23. Rxa7 b5 24. c5 dxc5 25. dxc5 Rd8 26. Bc7 Ra8 27. Rxa8+
Bxa8 28. Nb3 Nd5 29. Ba5 Bg7 30. Nbd4 b4 31. b3 e5 32. Nc2 f6 33. Nd2 Bf8 34.
Ne4 f5 35. Nd6 Bxd6 36. cxd6 Bc6 37. Bxb4 Kf7 38. Ba3 Ke6 39. g3 Bb5 40. f4 Bc6
41. fxe5 Kxe5 42. Kf2 Ke4 43. Bc5 Nc3 44. b4 Nb5 45. Ne3 Na3 46. g4 f4 47. Nd1
Kd3 48. Kf1 Ke4 49. Ke2 Nb5 50. Nf2+ Kd5 51. d7 Bxd7 52. Kf3 g5 53. Ne4 h6 54.
Nf6+ Ke6 55. Nxd7 Kxd7 56. Ke4 Ke6 57. Bf8 Nd6+ 58. Kd4 Nb5+ 59. Kc4 Nd6+ 60.
Kd3 Nf7 61. Kd4 Kd7 62. b5 Nd6 63. Bxh6 Nxb5+ 64. Kd3 Ke6 65. Bxg5 Ke5 66. Bd8
Na7 67. Bc7+ Kf6 68. Bxf4 Nc6 69. h4 Kg6 70. Ke4 Ne7 71. h5+ Kh7 72. Ke5 Ng8
73. Ke6 Kg7 74. g5 Kh7 75. Kf7 Nh6+ 76. gxh6 Kh8 77. Kg6 1-0

[Event "McGill op"]
[Site "Montreal CAN"]
[Date "2014.05.02"]
[Round "1"]
[White "Jacquet, Stephane"]
[Black "Abrahams, Daniel"]
[Result "1-0"]
[WhiteElo "2024"]
[BlackElo "2247"]
[PlyCount "93"]
[EventDate "2014.05.02"]
[EventType "swiss"]
[EventRounds "5"]
[EventCountry "CAN"]

1. d4 Nf6 2. c4 e6 3. Nc3 Bb4 4. Qc2 d5 5. cxd5 Qxd5 6. Nf3 Qf5 7. Qxf5 exf5 8.
Nd2 O-O 9. e3 c6 10. Bd3 Be6 11. O-O Nbd7 12. a3 Be7 13. b3 Nb6 14. Bb2 Rfd8
15. Nc4 Nbd5 16. b4 Nb6 17. Na5 Rd7 18. Rac1 Re8 19. g3 g6 20. Nb1 Na4 21. Ba1
a6 22. Nd2 Bd5 23. Bc2 Nb6 24. Bb3 Bd8 25. Bxd5 Nbxd5 26. Ndb3 Bxa5 27. Nxa5
Ne4 28. Rfd1 g5 29. Nc4 f6 30. Rd3 h5 31. Rb3 h4 32. f3 Nd6 33. Nxd6 Rxd6 34.
Kf2 Rde6 35. Re1 Kf7 36. Bb2 hxg3+ 37. hxg3 Rh8 38. Kg2 f4 39. Bc1 fxe3 40.
Bxe3 f5 41. Bd2 f4 42. Rxe6 Kxe6 43. Rb1 Kf6 44. Re1 fxg3 45. Kxg3 Nc7 46. a4
Ne6 47. Bc3 1-0

[Event "McGill op"]
[Site "Montreal CAN"]
[Date "2014.05.02"]
[Round "1"]
[White "Sturt, Raven"]
[Black "Tremblay, Alain"]
[Result "1-0"]
[WhiteElo "2301"]
[BlackElo "2206"]
[PlyCount "141"]
[EventDate "2014.05.02"]
[EventType "swiss"]
[EventRounds "5"]
[EventCountry "CAN"]

1. g3 Nf6 2. Bg2 d6 3. b3 g6 4. Bb2 Bg7 5. f4 c5 6. Nf3 Nc6 7. e3 O-O 8. O-O e5
9. fxe5 Ng4 10. Na3 d5 11. c4 d4 12. exd4 cxd4 13. Nc2 d3 14. Ncd4 Ngxe5 15.
Nxe5 Nxe5 16. Bd5 Qb6 17. Kg2 Nxc4 18. Bxc4 Bxd4 19. Bxd4 Qxd4 20. Rf4 Qd7 21.
Qf3 Qe7 22. Re4 Qd6 23. Rf1 Be6 24. Bxe6 fxe6 25. Qe3 Rxf1 26. Kxf1 Rf8+ 27.
Kg1 Re8 28. Rd4 Qa6 29. Rd7 Qc6 30. Rxd3 Rf8 31. Rc3 Qa6 32. Rc4 Qd6 33. Re4
Re8 34. Rd4 Qc6 35. Rc4 Qd6 36. Qd4 Qxd4+ 37. Rxd4 Re7 38. Kf2 Kf7 39. Rc4 e5
40. Ke3 Rd7 41. Rc8 Ke6 42. Re8+ Re7 43. Rb8 Kd5 44. Rd8+ Ke6 45. Ke4 Kf6 46.
Rd6+ Kf7 47. a4 a6 48. Rb6 Ke8 49. Rd6 Kf7 50. h4 Kg7 51. g4 Kf7 52. g5 Kg7 53.
Rd5 Kf7 54. Rd6 Kg7 55. d3 Kf7 56. b4 Kg7 57. a5 Kf7 58. Rf6+ Ke8 59. Rb6 Kd8
60. Kd5 Kc7 61. Re6 Rd7+ 62. Kxe5 Rxd3 63. Re7+ Kc6 64. Rxh7 Rh3 65. Kf6 Rb3
66. Kxg6 Rxb4 67. Kf6 b5 68. axb6 Kxb6 69. g6 a5 70. g7 Rg4 71. Rh6 1-0